000 00318nam a22001217a 4500
999 _c2889
_d2889
005 20200925103639.0
008 200925b ||||| |||| 00| 0 eng d
020 _a11319
040 _cCML
245 _aA Room with a View.
_cForster, E.M.
260 _aEngland
_bPenguin Books
_c1908
942 _2ddc
_cBK
_e1st Edition
_kF
_mFOR